| 000 | 00536cam a2200193ua 4500 | ||
|---|---|---|---|
| 001 | 349 | ||
| 008 | 110330n ii |||gr||||Z||||||eng | ||
| 020 | _a0-7069-9754-9 | ||
| 040 | _cMAIN | ||
| 082 | _a341 | ||
| 245 | 1 | 2 |
_aPrinciples of International law and organization. _cBy Hari Hara Das. |
| 250 | _a1st. | ||
| 260 |
_aNew Delhi.: _bVikash publishing.,995. |
||
| 300 | _aviii, 293 p.:5 cm. | ||
| 653 | _aPolitical science. | ||
| 653 | _aPrinciples of international law and organization. | ||
| 700 | 1 | _aDas, Hari Hara., | |
| 942 | _cBK | ||
| 999 |
_c298 _d298 |
||